| 000 | 00677nam a2200277Ia 4500 | ||
|---|---|---|---|
| 008 | 190123s9999 xx 000 0 und d | ||
| 020 | _a9780531254226 | ||
| 050 | _bB473 2012 | ||
| 100 | _aBenoit, Peter | ||
| 245 | 0 | _aNuclear meltdowns / | |
| 245 | 0 | _cby Peter Benoit. | |
| 260 | _aNew York, New York : | ||
| 260 | _bChildren's Press, | ||
| 260 | _c2012 | ||
| 300 | _a47 pages : | ||
| 300 | _bcolored illustrations ; | ||
| 300 | _c22cm. | ||
| 440 | _aA true book. | ||
| 500 | _a960L | ||
| 650 | _aNuclear energy -- | ||
| 650 | _aNuclear power plants -- | ||
| 650 | _xAccidents. | ||
| 650 | _xSafety measures. | ||
| 700 | _aSeries. | ||
| 700 | _aTitle. | ||
| 999 |
_c361139 _d361139 |
||